Catalog

Record Details

Catalog Search



Zlatá doba měst českých  Cover Image Book Book

Zlatá doba měst českých / Zikmund Winter

Winter, Zikmund (Author).

Record details

  • ISBN: 80-207-0244-X
  • Physical Description: 268 s.
  • Edition: Vydání druhé
  • Publisher: Praha Odeon 1991

Available copies

  • 1 of 1 copy available at Common Catalog SPOK.

Holds

  • 0 current holds with 1 total copy.
Show All Copies
Location Call Number / Copy Notes Barcode Shelving Location Status Due Date
ETS Library 943.7022 424470012008 Volný výběr Available -

LDR 00652nam a2 00253
00132888
003CZ-PrJAB
00520100329000000.0
008100329s1991 xr e |||| |cze
009cz
020 . ‡a80-207-0244-X
035 . ‡a(CONS)10543
035 . ‡aKPS13331
040 . ‡aABG450
041 . ‡acze
08214. ‡a943.7022
100 . ‡72741 ‡aWinter, Zikmund
245 . ‡aZlatá doba měst českých / ‡cZikmund Winter
250 . ‡aVydání druhé
260 . ‡aPraha ‡bOdeon ‡c1991
300 . ‡a268 s.
653 . ‡aZlatá doba měst českých
8524 . ‡bETS ‡bETS ‡cVolný výběr ‡j943.7022 ‡gA ‡p424470012008
910 . ‡aABG450
999 . ‡a10543 ‡bAUTOGEN ‡c10543 ‡tbiblio
905 . ‡uadmin
901 . ‡a32888 ‡b ‡c32888 ‡tbiblio ‡sets

Additional Resources